| 000 | 00940cam a2200277u 4500 | ||
|---|---|---|---|
| 001 | 15856 | ||
| 003 | BD-RjUL | ||
| 005 | 20211208235910.0 | ||
| 008 | 140211t1965 enka 000 0 eng | ||
| 035 | _a(BD-RjUL)15911 | ||
| 040 |
_aDLC _cCarP _dDLC _dBD-RjUL _beng |
||
| 041 | _aeng | ||
| 082 | 0 | 4 |
_a658.99 _bHIC 1965 |
| 100 | 1 |
_aHiggin, Gurth. _949172 |
|
| 245 | 1 | 0 |
_aCommunications in the building industry : _bThe report of A pilot study / _cGurth Higgin & Neil Jessop. |
| 260 |
_aLondon : _bTavistock Institute of Human Relations, _c1965 |
||
| 300 |
_a125 p : _billus. ; _c30 cm. |
||
| 650 | 0 |
_aCommunication in management. _916403 |
|
| 650 | 0 |
_aConstruction industry. _911158 |
|
| 830 | 0 |
_vT.79. [from old catalog] _949184 |
|
| 700 | 1 |
_aJessop, Neil, _ejoint author. _949174 |
|
| 830 | 0 |
_aTavistock Institute of Human Relations [London] Doc[ument] _949185 |
|
| 942 |
_2ddc _cBK |
||
| 999 |
_c15856 _d15856 |
||